| 000 | 01024cam a2200337 a 4500 | ||
|---|---|---|---|
| 001 | 109184 | ||
| 005 | 20230410132720.0 | ||
| 008 | 110131s2010 bl ab 001 0 por | ||
| 035 | _a16630512 | ||
| 925 | 0 |
_aacquire _b1 shelf copy _xpolicy default |
|
| 942 |
_2lcc _cbk |
||
| 010 | _a 2011357049 | ||
| 020 | _a9788588782808 | ||
| 040 |
_aDLC _cDLC |
||
| 042 | _alcode | ||
| 043 | _as-bl--- | ||
| 050 | 1 | 4 |
_aQ 127 _bR467m 2010 |
| 100 | 1 | _aRezende, Sergio M. | |
| 245 | 1 | 0 |
_aMomentos da ciéncia e tecnologia no Brasil : _buma caminhada de 40 anos pela C&T / _cSergio Machado Rezende. |
| 250 | _a1a ed. | ||
| 260 |
_aRio de Janeiro : _bVieira & Lent, _c2010. |
||
| 300 |
_a429 p. : _bill., map ; _c23 cm. |
||
| 500 | _aIncludes indexes. | ||
| 650 | 0 |
_aScience and state _zBrazil. |
|
| 650 | 0 |
_aTechnology and state _zBrazil. |
|
| 650 | 0 |
_aTechnological innovations _zBrazil. |
|
| 650 | 4 |
_aCiencia y tecnología _zBrasil |
|
| 923 |
_aPurchase _d2011-01-31 _sMargarida _x0095 |
||
| 985 | _eODE-rj | ||
| 946 | _aYSL | ||
| 999 |
_c86414 _d86414 |
||